[Event "XXXIV Open Internacional de Barbera del Valles - G
[Site "Barbera del Valles (Spain)"]
[Date "2011.07.04"]
[Round "1"]
[Board "1"]
[White "GEORGIEV, Kiril"]
[Black "SIMON PADROS, Emili"]
[Result "1-0"]
[WhiteElo "2654"]
[BlackElo "2279"]
[PlyCount "59"]
[EventDate "2011.07.04"]
[EventRounds "9"]
[EventCountry "ESP"]

1.d4 e6 2.Nf3 f5 3.d5 Be7 4.c4 Nf6 5.g3 O-O 6.Bg2 Na6 7.O-O Nc5 8.Be3 Qe8 9.Nc3
a6 10.Bd4 Nfe4 11.Rc1 Bf6 12.Bxf6 Nxf6 13.d6 cxd6 14.Qxd6 Nfe4 15.Nxe4 Nxe4
16.Qd4 d6 17.Rfd1 e5 18.Qb6 Rf6 19.Nd2 Nc5 20.Nb3 Na4 21.Qc7 Nxb2 22.Rxd6 Rxd6
23.Qxd6 Be6 24.Bxb7 Rd8 25.Qxa6 f4 26.Bd5 Bxd5 27.cxd5 Rxd5 28.Rc8 Rd8 29.Rxd8
Qxd8 30.Qe6+ 1-0

[Event "XXXIV Open Internacional de Barbera del Valles - G
[Site "Barbera del Valles (Spain)"]
[Date "2011.07.04"]
[Round "1"]
[Board "1"]
[White "COLON GARCIA, Enrique"]
[Black "ITURRIZAGA, Eduardo"]
[Result "0-1"]
[WhiteElo "2276"]
[BlackElo "2603"]
[PlyCount "96"]
[EventDate "2011.07.04"]
[EventRounds "9"]
[EventCountry "ESP"]

1.e4 c5 2.Nf3 g6 3.d4 cxd4 4.Nxd4 Nc6 5.Nc3 Bg7 6.Be3 Nf6 7.Bc4 O-O 8.Bb3 d6
9.h3 Bd7 10.O-O Nxd4 11.Bxd4 Bc6 12.Re1 e5 13.Be3 Nxe4 14.Nxe4 Bxe4 15.Qd2 Bc6
16.Rad1 e4 17.Bd4 Be5 18.Bd5 Bxd5 19.Bxe5 dxe5 20.Qxd5 Qxd5 21.Rxd5 f5 22.Rxe5
Rad8 23.Re7 Rf7 24.Rxf7 Kxf7 25.Re2 Rd1+ 26.Kh2 Kf6 27.f3 Ke5 28.fxe4 f4 29.h4
h6 30.Kh3 h5 31.Kh2 b5 32.c3 Rc1 33.a3 a5 34.a4 bxa4 35.Rd2 Kxe4 36.Rd4+ Kf5
37.Rxa4 Kg4 38.Rxa5 Kxh4 39.Ra4 Kg4 40.Rd4 Rc2 41.c4 Rxb2 42.Kg1 Rc2 43.Kf1 h4
44.Rd6 g5 45.Rd4 h3 46.gxh3+ Kxh3 47.Rd3+ Kg4 48.Rd4 Kg3 0-1

[Event "XXXIV Open Internacional de Barbera del Valles - G
[Site "Barbera del Valles (Spain)"]
[Date "2011.07.04"]
[Round "1"]
[Board "1"]
[White "CRUZ LLEDO, Pablo"]
[Black "HERNANDEZ CARMENATES, Holden"]
[Result "0-1"]
[WhiteElo "2269"]
[BlackElo "2570"]
[PlyCount "104"]
[EventDate "2011.07.04"]
[EventRounds "9"]
[EventCountry "ESP"]

1.d4 Nf6 2.c4 e6 3.Nc3 Bb4 4.Qc2 O-O 5.e4 d6 6.Bd3 Nc6 7.Nge2 Ba5 8.a3 Bb6 9.Be3
Ng4 10.Na4 e5 11.Nxb6 Nxe3 12.fxe3 axb6 13.O-O Qg5 14.Rf3 exd4 15.exd4 Bg4
16.Rg3 Qh4 17.Rf1 h5 18.Nf4 Qf6 19.e5 dxe5 20.Nxh5 Qh4 21.Nf6+ gxf6 22.Qf2 Nxd4
23.h3 Kh8 24.hxg4 Kg7 25.g5 f5 26.Qe3 Rae8 27.Rh3 f4 28.Qe4 Qxg5 29.Qh7+ Kf6
30.Rh5 Rh8 31.Rxg5 Rxh7 32.Rxe5 Rxe5 33.Bxh7 Kg5 34.Bd3 f5 35.Rd1 f3 36.gxf3
Nxf3+ 37.Kf2 Nd4 38.Rg1+ Kf4 39.Rh1 Re7 40.Rh8 Ne6 41.Rh5 Rf7 42.b4 Ke5 43.Be2
Nf4 44.Rh8 Nxe2 45.Kxe2 Kd4 46.Kf3 Kxc4 47.Kf4 c5 48.Rh6 cxb4 49.axb4 b5 50.Ke5
Kxb4 51.Ke6 Rc7 52.Kxf5 Ka4 0-1

[Event "XXXIV Open Internacional de Barbera del Valles - G
[Site "Barbera del Valles (Spain)"]
[Date "2011.07.04"]
[Round "1"]
[Board "1"]
[White "LEON HOYOS, Manuel"]
[Black "CAPELLADES SUBIRANA, Marc"]
[Result "1-0"]
[WhiteElo "2548"]
[BlackElo "2260"]
[PlyCount "135"]
[EventDate "2011.07.04"]
[EventRounds "9"]
[EventCountry "ESP"]

1.c4 Nf6 2.g3 c6 3.Nf3 d5 4.Bg2 g6 5.b3 Bg7 6.Bb2 O-O 7.d3 Bg4 8.Nbd2 Bxf3
9.Nxf3 Qa5+ 10.Qd2 Qxd2+ 11.Nxd2 Na6 12.O-O Rad8 13.d4 e6 14.Rfd1 Rfe8 15.Rac1
Bh6 16.e3 Nc7 17.b4 Bf8 18.a3 Na8 19.Bf1 Nb6 20.c5 Nbd7 21.b5 e5 22.Nb3 exd4
23.bxc6 bxc6 24.Bxd4 Ne4 25.Rc2 Rb8 26.Na5 Re6 27.Rdc1 Be7 28.Ba6 Bd8 29.Nb7 Bc7
30.Kg2 f5 31.f3 Ng5 32.Nd6 Rb3 33.Bc8 Re7 34.Rc3 Rb2+ 35.R1c2 Rb8 36.Bb7 Ne6
37.Bxc6 Ndxc5 38.Nb5 Na4 39.Nxc7 Nxd4 40.Nxd5 Re6 41.Bxa4 Nxc2 42.Bxc2 Rb2
43.Kf1 Rd6 44.e4 fxe4 45.fxe4 Kg7 46.Ke2 Rd8 47.Ke3 h5 48.h4 Rf8 49.e5 Rf1
50.Rc7+ Kf8 51.Nf4 Rc1 52.Ne6+ Kg8 53.Rc8+ Kf7 54.Bxg6+ Kxe6 55.Rxc1 Kxe5
56.Rc5+ Kd6 57.Ra5 Rb7 58.Bxh5 Ke6 59.Bf3 Re7 60.g4 Kf6+ 61.Kf4 Rc7 62.g5+ Kg7
63.h5 Rf7+ 64.Kg4 Re7 65.h6+ Kh7 66.Kh5 Re1 67.Rxa7+ Kh8 68.Ra8+ 1-0

[Event "XXXIV Open Internacional de Barbera del Valles - G
[Site "Barbera del Valles (Spain)"]
[Date "2011.07.04"]
[Round "1"]
[Board "1"]
[White "OBON TEMPRANO, Sergi"]
[Black "NARCISO DUBLAN, Marc"]
[Result "0-1"]
[WhiteElo "2255"]
[BlackElo "2544"]
[PlyCount "62"]
[EventDate "2011.07.04"]
[EventRounds "9"]
[EventCountry "ESP"]

1.e4 e5 2.Nf3 Nc6 3.Bc4 Bc5 4.c3 Nf6 5.d4 exd4 6.e5 d5 7.Bb5 Ne4 8.cxd4 Bb6
9.Nc3 O-O 10.Be3 Bg4 11.h3 Bh5 12.Ne2 Ne7 13.g4 Bg6 14.Rc1 c6 15.Bd3 Ba5+ 16.Kf1
Nd2+ 17.Bxd2 Bxd3 18.Bxa5 Bxe2+ 19.Qxe2 Qxa5 20.a3 Ng6 21.Qe3 f6 22.e6 Rfe8
23.g5 fxg5 24.Nxg5 Re7 25.Qd3 Rf8 26.h4 Qb5 27.Qxb5 cxb5 28.Rc5 h6 29.Nh3 Nxh4
30.Rxd5 Rxe6 31.Rd7 Rfe8 0-1

[Event "XXXIV Open Internacional de Barbera del Valles - G
[Site "Barbera del Valles (Spain)"]
[Date "2011.07.04"]
[Round "1"]
[Board "1"]
[White "CUARTAS, Jaime Alexander"]
[Black "PHADKE, Sohan"]
[Result "1-0"]
[WhiteElo "2542"]
[BlackElo "2252"]
[PlyCount "63"]
[EventDate "2011.07.04"]
[EventRounds "9"]
[EventCountry "ESP"]

1.e4 c5 2.Nf3 Nc6 3.Bb5 e6 4.O-O Nge7 5.c3 Qb6 6.Ba4 d5 7.e5 Bd7 8.Re1 f6 9.d4
cxd4 10.exf6 gxf6 11.Nxd4 Nxd4 12.cxd4 Bxa4 13.Qxa4+ Kf7 14.Nc3 Nc6 15.Be3 Bb4
16.Rec1 h5 17.Qd1 Rag8 18.Na4 Qc7 19.h3 Rg6 20.a3 Bd6 21.b4 a6 22.Nc5 Bxc5
23.Rxc5 Kf8 24.Kh1 Rhg8 25.Qf3 Qg7 26.Rg1 h4 27.a4 Qd7 28.b5 axb5 29.axb5 Ne7
30.Bf4 Nf5 31.Rc7 Qxb5 32.Qa3+ 1-0

[Event "XXXIV Open Internacional de Barbera del Valles - G
[Site "Barbera del Valles (Spain)"]
[Date "2011.07.04"]
[Round "1"]
[Board "1"]
[White "CANAL OLIVERAS, Joan"]
[Black "AROSHIDZE, Levan"]
[Result "0-1"]
[WhiteElo "2247"]
[BlackElo "2539"]
[PlyCount "64"]
[EventDate "2011.07.04"]
[EventRounds "9"]
[EventCountry "ESP"]

1.e4 c5 2.d4 cxd4 3.c3 Nf6 4.e5 Nd5 5.Bc4 Qc7 6.Qe2 Nb6 7.Bd3 d5 8.exd6 Qxd6
9.Nf3 Bg4 10.cxd4 Nc6 11.Be3 g6 12.Nc3 Bg7 13.Rd1 O-O 14.O-O Rad8 15.h3 Bxf3
16.Qxf3 Qb4 17.Nb5 a6 18.a3 Qb3 19.Nc7 Rc8 20.Nxa6 bxa6 21.Bxa6 Rc7 22.Qe2 Rd8
23.Rd3 Qa4 24.Rc3 Nd5 25.Rc5 Nxe3 26.fxe3 Nxd4 27.Qc4 Qxc4 28.Rxc4 Ra7 29.Bc8
Nb3 30.Bg4 h5 31.Be2 Nd2 32.Rd1 Rad7 0-1

[Event "XXXIV Open Internacional de Barbera del Valles - G
[Site "Barbera del Valles (Spain)"]
[Date "2011.07.04"]
[Round "1"]
[Board "1"]
[White "BACALLAO ALONSO, Yusnel"]
[Black "LOSADA CARRERA, Francisco Javie"]
[Result "1-0"]
[WhiteElo "2532"]
[BlackElo "2231"]
[PlyCount "71"]
[EventDate "2011.07.04"]
[EventRounds "9"]
[EventCountry "ESP"]

1.e4 c5 2.Nf3 d6 3.d4 cxd4 4.Nxd4 Nf6 5.Nc3 a6 6.Be3 e5 7.Nb3 Be6 8.Qd2 Be7
9.O-O-O O-O 10.f4 Ng4 11.g3 Nxe3 12.Qxe3 Nc6 13.Kb1 b5 14.h4 b4 15.Nd5 a5 16.Bb5
Bxd5 17.Rxd5 Qc7 18.Ba4 exf4 19.gxf4 Bf6 20.e5 Ne7 21.Rb5 dxe5 22.fxe5 Bxh4
23.e6 Ng6 24.Rh5 Qe7 25.Nd4 fxe6 26.Nxe6 Rfe8 27.Qd3 Qf6 28.Bb3 Rxe6 29.Qd7 Nf8
30.Bxe6+ Nxe6 31.Qd3 g6 32.R5xh4 Rd8 33.Qc4 h5 34.Re4 Rd6 35.Rhe1 Qf3 36.a3 1-0

[Event "XXXIV Open Internacional de Barbera del Valles - G
[Site "Barbera del Valles (Spain)"]
[Date "2011.07.04"]
[Round "1"]
[Board "1"]
[White "BAS MAS, Jose Joaquin"]
[Black "GONZALEZ GARCIA, Jose"]
[Result "0-1"]
[WhiteElo "2194"]
[BlackElo "2522"]
[PlyCount "98"]
[EventDate "2011.07.04"]
[EventRounds "9"]
[EventCountry "ESP"]

1.e4 c5 2.Nf3 e6 3.d4 cxd4 4.Nxd4 a6 5.Bd3 Nf6 6.O-O Qc7 7.Nb3 d6 8.f4 Nbd7 9.c4
g6 10.Qf3 b6 11.Nc3 Bb7 12.Qh3 h5 13.e5 Ng4 14.Be2 Bg7 15.exd6 Qxd6 16.Rd1 Qc7
17.Bf3 Ndf6 18.Bxb7 Qxb7 19.Qf3 Qxf3 20.gxf3 Nh6 21.Be3 Nd7 22.Bd4 Bxd4+ 23.Nxd4
Rc8 24.Ne4 Ke7 25.Rac1 Rc7 26.Rc2 Nf5 27.Nxf5+ gxf5 28.Nf2 Rhc8 29.Rcd2 Nf6
30.b3 b5 31.cxb5 axb5 32.Nd3 Nd5 33.Kf2 Ra8 34.h3 Rca7 35.Ra1 Ra3 36.Rb2 h4
37.Kf1 Rc8 38.Ke2 Kf6 39.Kf2 b4 40.Ke2 Ra7 41.Rd2 Rg8 42.Kf2 Rg3 43.Rh1 Rc7
44.Rh2 Rc8 45.Rh1 Rc3 46.Ke2 Ke7 47.Rh2 Rg1 48.Kf2 Ra1 49.Ke2 Rc8 0-1

[Event "XXXIV Open Internacional de Barbera del Valles - G
[Site "Barbera del Valles (Spain)"]
[Date "2011.07.04"]
[Round "1"]
[Board "1"]
[White "CARLSSON, Pontus"]
[Black "SUBIRATS RUIZ, Sergi"]
[Result "0-1"]
[WhiteElo "2496"]
[BlackElo "2179"]
[PlyCount "76"]
[EventDate "2011.07.04"]
[EventRounds "9"]
[EventCountry "ESP"]

1.e4 e5 2.Nf3 Nc6 3.Bb5 a6 4.Ba4 Nf6 5.O-O b5 6.Bb3 Bc5 7.a4 Rb8 8.d3 d6 9.c3 h6
10.Re1 Bg4 11.axb5 axb5 12.Nbd2 O-O 13.h3 Bh5 14.Nf1 b4 15.Ba4 Ne7 16.Ng3 Ng6
17.Nxh5 Nxh5 18.d4 bxc3 19.bxc3 exd4 20.cxd4 Bb4 21.Re3 Nhf4 22.Kh2 Qc8 23.Ng1
c5 24.Rg3 cxd4 25.Qxd4 Bc5 26.Qd2 Qe6 27.Bd1 Rb4 28.Bf3 Qe5 29.Ra2 Rfb8 30.Rc2
h5 31.Kh1 Rb1 32.Rc4 Bxf2 33.Rxg6 Bxg1 34.Rxg7+ Kxg7 35.Kxg1 R8b2 36.Qd1 Nxh3+
37.Kf1 Rf2+ 38.Ke1 Qa5+ 0-1

[Event "XXXIV Open Internacional de Barbera del Valles - G
[Site "Barbera del Valles (Spain)"]
[Date "2011.07.04"]
[Round "1"]
[Board "1"]
[White "ARANAZ MURILLO, Amalia"]
[Black "BRYNELL, Stellan"]
[Result "0-1"]
[WhiteElo "2176"]
[BlackElo "2495"]
[PlyCount "118"]
[EventDate "2011.07.04"]
[EventRounds "9"]
[EventCountry "ESP"]

1.Nf3 d5 2.d4 Nc6 3.c4 Bg4 4.Nc3 e6 5.Bg5 Be7 6.Bxe7 Ngxe7 7.e3 O-O 8.Bd3 Ng6
9.cxd5 exd5 10.h3 Bxf3 11.Qxf3 Nce7 12.h4 f5 13.h5 Nh8 14.g4 fxg4 15.Qxg4 Qd6
16.Qg2 c6 17.O-O-O Nf7 18.Rdg1 Qf6 19.Rh3 Nd6 20.Rf3 Qh6 21.Rg3 Nef5 22.Rg5 Rf7
23.Qh3 Raf8 24.Rg6 hxg6 25.Rxg6 Qh8 26.h6 Nxh6 27.Rxd6 Nf5 28.Qxh8+ Kxh8 29.Bxf5
Rxf5 30.f4 R5f6 31.Rd7 R6f7 32.Rd6 Re7 33.Kd2 Rfe8 34.Nd1 Kg8 35.b4 Kf7 36.b5
Re6 37.Rd7+ R8e7 38.Rd8 cxb5 39.Rxd5 Ra6 40.Rxb5 Rxa2+ 41.Nb2 b6 42.d5 Ke8
43.Ke2 Kd7 44.Kf3 Ra5 45.Rxa5 bxa5 46.e4 Re8 47.e5 Rc8 48.Ke3 Rc2 49.Na4 Rc4
50.Nb2 Rb4 51.Nd3 Rb5 52.Kd4 a4 53.Nc5+ Rxc5 54.Kxc5 a3 55.e6+ Ke7 56.d6+ Kxe6
57.Kc6 a2 58.d7 a1=Q 59.d8=Q Qa6+ 0-1

[Event "XXXIV Open Internacional de Barbera del Valles - G
[Site "Barbera del Valles (Spain)"]
[Date "2011.07.04"]
[Round "1"]
[Board "1"]
[White "HUERGA LEACHE, Mikel"]
[Black "MARMILI, Giulio"]
[Result "1/2-1/2"]
[WhiteElo "2453"]
[BlackElo "2165"]
[PlyCount "88"]
[EventDate "2011.07.04"]
[EventRounds "9"]
[EventCountry "ESP"]

1.e4 c5 2.Nf3 a6 3.c4 Nc6 4.d4 cxd4 5.Nxd4 e6 6.Nc3 Nxd4 7.Qxd4 Ne7 8.Be3 Nc6
9.Qb6 Qxb6 10.Bxb6 Bd6 11.O-O-O Ke7 12.Na4 Bb8 13.Bc5+ d6 14.Ba3 Bc7 15.c5 dxc5
16.Bxc5+ Kf6 17.Nb6 Rb8 18.Kb1 Rd8 19.Be2 Rxd1+ 20.Rxd1 Bxb6 21.Bxb6 Ke7 22.f4
Bd7 23.e5 Rc8 24.Bh5 Nd8 25.Bf3 Bc6 26.Bxd8+ Rxd8 27.Rxd8 Kxd8 28.Bxc6 bxc6
29.g4 Kc7 30.Kc2 Kb6 31.b4 c5 32.Kb3 cxb4 33.Kxb4 a5+ 34.Kc4 Kc6 35.a4 g6 36.Kd4
Kb6 37.h4 Kc6 38.h5 Kb6 39.h6 Kc6 40.Kc4 Kb6 41.Kd4 Kc6 42.Kc4 Kb6 43.Kd4 Kc6
44.Kc4 Kb6 1/2-1/2

[Event "XXXIV Open Internacional de Barbera del Valles - G
[Site "Barbera del Valles (Spain)"]
[Date "2011.07.04"]
[Round "1"]
[Board "1"]
[White "LUNA CORTES, Luis"]
[Black "PEREZ MITJANS, Orelvis"]
[Result "0-1"]
[WhiteElo "2143"]
[BlackElo "2452"]
[PlyCount "76"]
[EventDate "2011.07.04"]
[EventRounds "9"]
[EventCountry "ESP"]

1.Nc3 d5 2.e4 d4 3.Nce2 e5 4.Nf3 Bd6 5.Ng3 Nf6 6.Bc4 c5 7.d3 Nc6 8.a3 b5 9.Ba2
O-O 10.O-O Be6 11.Ng5 Bg4 12.f3 Bd7 13.Nf5 Bc7 14.Qe1 Ne7 15.Nxe7+ Qxe7 16.Qh4
h6 17.Nh3 Bd6 18.g4 Nh7 19.Qg3 g5 20.Nf2 Rfc8 21.Qh3 Qf6 22.Nh1 c4 23.Ng3 Bf8
24.Kh1 Be6 25.Nh5 Qe7 26.Bd2 a5 27.dxc4 bxc4 28.Qg3 Rc5 29.b4 cxb3 30.cxb3 Rc2
31.Qe1 Qxa3 32.Bb1 Qxa1 33.Bxc2 Qxe1 34.Bxe1 Bb4 35.Ng3 Bxe1 36.Rxe1 Rc8 37.Bd3
Bxb3 38.Nf5 Rc3 0-1

[Event "XXXIV Open Internacional de Barbera del Valles - G
[Site "Barbera del Valles (Spain)"]
[Date "2011.07.04"]
[Round "1"]
[Board "1"]
[White "ASIS GARGATAGLI, Hipolit"]
[Black "BALAGUE CAMPS, Marc"]
[Result "1-0"]
[WhiteElo "2431"]
[BlackElo "2119"]
[PlyCount "91"]
[EventDate "2011.07.04"]
[EventRounds "9"]
[EventCountry "ESP"]

1.e4 c5 2.Nf3 e6 3.c3 d5 4.exd5 Qxd5 5.d4 Nf6 6.Na3 Bd7 7.Nb5 Na6 8.Ne5 cxd4
9.Nxd7 Nxd7 10.Qxd4 Qxd4 11.Nxd4 Nc7 12.a4 a6 13.Nb3 Nd5 14.g3 Rb8 15.Bg2 N7f6
16.Ke2 Bd6 17.Rd1 Ke7 18.c4 Nb4 19.Na5 b6 20.Nb7 Bc7 21.Bd2 a5 22.Bxb4+ axb4
23.a5 Ra8 24.a6 Ra7 25.Bc6 Rc8 26.Bb5 Be5 27.Rd2 g5 28.Ra4 Raa8 29.Rxb4 Rc7
30.Rb3 Ne4 31.Rd1 Nc5 32.Nxc5 bxc5 33.Rbd3 Bd4 34.Rxd4 cxd4 35.Rxd4 f5 36.b4 Rb8
37.Rd2 h5 38.Ra2 Ra7 39.Kd3 e5 40.Kc3 Rb6 41.Ra5 Rd6 42.c5 Rd1 43.Ba4 Rd5 44.Bb3
Rd8 45.b5 Rda8 46.b6 1-0

[Event "XXXIV Open Internacional de Barbera del Valles - G
[Site "Barbera del Valles (Spain)"]
[Date "2011.07.04"]
[Round "1"]
[Board "1"]
[White "LJUBAROV, Mark"]
[Black "MATNADZE, Ana"]
[Result "0-1"]
[WhiteElo "2115"]
[BlackElo "2428"]
[PlyCount "66"]
[EventDate "2011.07.04"]
[EventRounds "9"]
[EventCountry "ESP"]

1.e4 c5 2.c3 d5 3.exd5 Qxd5 4.d4 g6 5.Nf3 Bg7 6.dxc5 Qxc5 7.Be3 Qc7 8.Be2 Nh6
9.Na3 a6 10.Nc4 Nd7 11.Qd2 Nf5 12.Bf4 e5 13.g4 exf4 14.gxf5 O-O 15.Qd6 Qc5
16.Qxc5 Nxc5 17.Nd6 Bd7 18.Nd4 Be5 19.Nc4 Bxd4 20.cxd4 Ne4 21.f3 Nf6 22.Nd6 Bc6
23.Rd1 b5 24.a4 bxa4 25.Kf2 Rab8 26.Rd2 Ng4+ 27.fxg4 Bxh1 28.Bf3 Bxf3 29.Kxf3 g5
30.Ne4 Rb3+ 31.Kf2 Rfb8 32.Nf6+ Kg7 33.Nh5+ Kf8 0-1

[Event "XXXIV Open Internacional de Barbera del Valles - G
[Site "Barbera del Valles (Spain)"]
[Date "2011.07.04"]
[Round "1"]
[Board "1"]
[White "DURAN, Reinaldo"]
[Black "GARCIA ROMAN, Daniel"]
[Result "1/2-1/2"]
[WhiteElo "2098"]
[BlackElo "2427"]
[PlyCount "140"]
[EventDate "2011.07.04"]
[EventRounds "9"]
[EventCountry "ESP"]

1.d4 e6 2.c4 Nf6 3.g3 Bb4+ 4.Bd2 c5 5.Bxb4 cxb4 6.Bg2 O-O 7.e4 d6 8.Ne2 e5 9.O-O
Qb6 10.Qd2 a5 11.a3 Na6 12.axb4 axb4 13.Rd1 Bg4 14.f3 Be6 15.b3 exd4 16.Qxd4 Nc5
17.Rxa8 Rxa8 18.Nc1 h5 19.f4 Bg4 20.Rd2 Ra1 21.Rb2 Qa7 22.h3 Be6 23.e5 dxe5
24.fxe5 Nfd7 25.Kh2 Qb8 26.Na2 Qxe5 27.Qxe5 Nxe5 28.Nxb4 Ncd3 29.Nxd3 Nxd3
30.Rd2 Bf5 31.Nc3 Ra3 32.Nd5 Kf8 33.Ne3 Bg6 34.Bxb7 Rxb3 35.Bd5 h4 36.gxh4 Nf4
37.Rf2 Nd3 38.Rd2 Nf4 39.Rf2 Nxh3 40.Kxh3 Rxe3+ 41.Rf3 Re5 42.Kg3 Ke7 43.Ra3 Kd6
44.Rf3 Bh5 45.Ra3 Kc5 46.Ra7 Rf5 47.Re7 Kd4 48.Re4+ Kc5 49.Re7 Bg6 50.Ra7 Rf1
51.Rb7 Kd4 52.Re7 Rf6 53.Ra7 Bh5 54.Re7 Kd3 55.Re5 Bg6 56.Rg5 Kd4 57.h5 Be4
58.Bxe4 Kxe4 59.Rxg7 Rf3+ 60.Kg4 f5+ 61.Kg5 Rg3+ 62.Kf6 Rh3 63.Kg6 f4 64.c5 Rg3+
65.Kf7 Rc3 66.h6 Rxc5 67.h7 Rh5 68.Kg8 f3 69.h8=Q Rxh8+ 70.Kxh8 f2 1/2-1/2

[Event "XXXIV Open Internacional de Barbera del Valles - G
[Site "Barbera del Valles (Spain)"]
[Date "2011.07.04"]
[Round "1"]
[Board "1"]
[White "CASTRO EXPOSITO, Cristobal"]
[Black "MASCARO MARCH, Pedro"]
[Result "0-1"]
[WhiteElo "2084"]
[BlackElo "2413"]
[PlyCount "94"]
[EventDate "2011.07.04"]
[EventRounds "9"]
[EventCountry "ESP"]

1.d4 Nf6 2.Nf3 e6 3.Bg5 c5 4.c3 Nc6 5.e3 b6 6.Bd3 Be7 7.O-O Bb7 8.Nbd2 Nd5
9.Bxe7 Qxe7 10.c4 Nf6 11.Rc1 O-O 12.Bb1 Rac8 13.a3 Rfd8 14.dxc5 bxc5 15.Qc2 Rb8
16.Rfd1 d6 17.b3 g6 18.Qc3 Ba8 19.Ng5 h6 20.Nge4 Ne8 21.Nf3 f5 22.Ng3 Qg7 23.Ne2
Qxc3 24.Rxc3 Rb6 25.e4 Rdb8 26.exf5 gxf5 27.Bc2 Kf7 28.Kf1 Ra6 29.a4 Nb4 30.Bb1
Rab6 31.Nd2 Nf6 32.f3 Bc6 33.Kf2 Bd7 34.f4 Nc6 35.Bc2 Nd4 36.Nxd4 cxd4 37.Rh3 e5
38.Kg1 e4 39.Rxh6 Bc6 40.Rh3 Rg8 41.a5 Rbb8 42.Nf1 d3 43.Bb1 Rxb3 44.Ne3 Rb2
45.g3 Rgb8 46.Bxd3 exd3 47.Nxf5 Rb1 0-1

[Event "XXXIV Open Internacional de Barbera del Valles - G
[Site "Barbera del Valles (Spain)"]
[Date "2011.07.04"]
[Round "1"]
[Board "1"]
[White "RIDAMEYA TATCHE, Jose Miguel"]
[Black "VAN RIEMSDIJK, Herman C"]
[Result "0-1"]
[WhiteElo "2072"]
[BlackElo "2403"]
[PlyCount "70"]
[EventDate "2011.07.04"]
[EventRounds "9"]
[EventCountry "ESP"]

1.e4 c5 2.Nf3 e6 3.c4 Nc6 4.Nc3 a6 5.g3 g6 6.d3 Bg7 7.Bg2 Nge7 8.Bg5 h6 9.Be3
Nd4 10.Qd2 Nec6 11.O-O Rb8 12.Rac1 d6 13.Ne1 b5 14.Bxd4 Nxd4 15.b3 b4 16.Ne2 a5
17.Nxd4 Bxd4 18.Nf3 Bc3 19.Rxc3 bxc3 20.Qxc3 e5 21.Ne1 a4 22.bxa4 Qb6 23.Nc2 Qb2
24.Qxb2 Rxb2 25.Ne3 Bb7 26.f4 Ke7 27.fxe5 dxe5 28.Ng4 Rd8 29.Nxe5 Ke6 30.Nxf7
Rxd3 31.Nxh6 Rdd2 32.Bf3 Rxh2 33.Ng4 Rh3 34.Nf2 Rxg3+ 35.Bg2 Bxe4 0-1

[Event "XXXIV Open Internacional de Barbera del Valles - G
[Site "Barbera del Valles (Spain)"]
[Date "2011.07.04"]
[Round "1"]
[Board "1"]
[White "CRUZ RAVINA, Francisco Javier"]
[Black "MINGARRO CARCELLER, Sergi"]
[Result "1/2-1/2"]
[WhiteElo "2399"]
[BlackElo "2069"]
[PlyCount "131"]
[EventDate "2011.07.04"]
[EventRounds "9"]
[EventCountry "ESP"]

1.e4 e6 2.Nf3 d5 3.Nc3 Nf6 4.e5 Nfd7 5.d4 c5 6.dxc5 Nc6 7.Bf4 Bxc5 8.Bd3 f6
9.exf6 Nxf6 10.O-O O-O 11.Ne5 Ne4 12.Bxe4 Rxf4 13.Nd3 Bxf2+ 14.Rxf2 Rxf2 15.Nxf2
dxe4 16.Qxd8+ Nxd8 17.Rd1 Nc6 18.Ng4 e5 19.Ne3 Be6 20.Nxe4 Rd8 21.Rxd8+ Nxd8
22.a3 h6 23.Kf2 b6 24.Nd6 Kf8 25.Kf3 Ke7 26.Nb5 Nc6 27.Ke4 g6 28.c4 Kd7 29.Nc3
Kd6 30.b4 h5 31.h4 a5 32.c5+ bxc5 33.Nb5+ Kd7 34.bxc5 Ba2 35.Nc3 Bb3 36.g3 Ke6
37.Kd3 Nd4 38.Nc4 a4 39.Nb6 Nc2 40.Ncxa4 Nxa3 41.c6 Kd6 42.Nc3 Kxc6 43.Nc8 Kd7
44.Nb6+ Ke6 45.Ke3 Nc2+ 46.Kf2 Nd4 47.Ne4 Bc2 48.Ng5+ Kd6 49.Nc4+ Kd5 50.Ne3+
Kd6 51.Nf7+ Ke6 52.Ng5+ Kf6 53.Nd5+ Kg7 54.Ne3 Bf5 55.Ke1 Nc2+ 56.Kd2 Nxe3
57.Kxe3 Bc2 58.Nh3 Kf6 59.Nf2 Kf5 60.Kf3 Bb3 61.Ke3 Bd5 62.Kd3 Bf3 63.Ke3 e4
64.Kd4 Bg2 65.Ke3 Ke5 66.Nd1 1/2-1/2

[Event "XXXIV Open Internacional de Barbera del Valles - G
[Site "Barbera del Valles (Spain)"]
[Date "2011.07.04"]
[Round "1"]
[Board "1"]
[White "SILVA RODRIGUEZ, Fernando"]
[Black "PERPINYA ROFES, Lluis Maria"]
[Result "0-1"]
[WhiteElo "2064"]
[BlackElo "2395"]
[PlyCount "110"]
[EventDate "2011.07.04"]
[EventRounds "9"]
[EventCountry "ESP"]

1.d4 Nf6 2.c4 g6 3.Nc3 Bg7 4.e4 d6 5.Nf3 O-O 6.Be2 c5 7.O-O cxd4 8.Nxd4 Nc6
9.Be3 Bd7 10.f3 Nxd4 11.Bxd4 Bc6 12.b4 b6 13.a4 a5 14.Nd5 Nd7 15.Bxg7 Kxg7
16.Qd4+ Kg8 17.Rfb1 Re8 18.Ra2 e6 19.Nc3 axb4 20.Rxb4 Qg5 21.Nb5 Qc1+ 22.Kf2
Bxb5 23.cxb5 d5 24.Rd2 dxe4 25.Rc4 Qh1 26.Qxd7 e3+ 27.Kxe3 Qg1+ 28.Ke4 f5+
29.Kf4 Qxh2+ 30.Ke3 Qg1+ 31.Kf4 Qxg2 32.Bd1 e5+ 33.Ke3 Qg5+ 34.Ke2 Rad8 35.Rc7
Qg2+ 36.Ke1 Qh1+ 37.Ke2 Qh2+ 38.Ke1 Qh4+ 39.Ke2 Rxd7 40.Rdxd7 Rd8 41.Bb3+ Kh8
42.Re7 Qh2+ 43.Kf1 Qh1+ 44.Ke2 Qg2+ 45.Ke1 Qd2+ 46.Kf1 Qd3+ 47.Kg2 Qxb3 48.Rxh7+
Kg8 49.Rcg7+ Kf8 50.Rb7 Rd2+ 51.Kg3 f4+ 52.Kh4 Rh2+ 53.Kg5 Rxh7 54.Rxh7 Qe6
55.Kh4 Qf5 0-1

[Event "XXXIV Open Internacional de Barbera del Valles - G
[Site "Barbera del Valles (Spain)"]
[Date "2011.07.04"]
[Round "1"]
[Board "1"]
[White "LORENZO DE LA RIVA, Lazaro"]
[Black "VILARNOVO CAAMANO, Jose"]
[Result "1-0"]
[WhiteElo "2391"]
[BlackElo "2061"]
[PlyCount "73"]
[EventDate "2011.07.04"]
[EventRounds "9"]
[EventCountry "ESP"]

1.e4 c5 2.Nf3 Nc6 3.Bb5 g6 4.O-O Bg7 5.Re1 Nf6 6.e5 Nd5 7.Nc3 Nc7 8.Bxc6 dxc6
9.Ne4 Ne6 10.d3 O-O 11.Be3 b6 12.Qd2 f5 13.exf6 exf6 14.Bh6 Re8 15.Bxg7 Kxg7
16.Ng3 Rb8 17.a3 Rb7 18.Re4 Rbe7 19.b4 Qd6 20.Qc3 Nd4 21.Nxd4 Rxe4 22.Nxe4 Qxd4
23.Qxd4 cxd4 24.Kf1 Re6 25.a4 Re5 26.Nd6 Bd7 27.Nc4 Re6 28.a5 b5 29.Nd2 Re5
30.Nb3 Rd5 31.Re1 f5 32.Re7+ Kf6 33.Rxh7 f4 34.Nc5 Bf5 35.Rxa7 f3 36.gxf3 Bh3+
37.Ke2 1-0

[Event "XXXIV Open Internacional de Barbera del Valles - G
[Site "Barbera del Valles (Spain)"]
[Date "2011.07.04"]
[Round "1"]
[Board "1"]
[White "ROSICH VALLES, Alfredo"]
[Black "ANUPRITA, Patil"]
[Result "0-1"]
[WhiteElo "2374"]
[BlackElo "2048"]
[PlyCount "46"]
[EventDate "2011.07.04"]
[EventRounds "9"]
[EventCountry "ESP"]

1.e4 c5 2.Nf3 e6 3.d4 cxd4 4.Nxd4 a6 5.Bd3 Nf6 6.O-O Qc7 7.Nc3 d6 8.Be3 Be7 9.f4
b5 10.e5 dxe5 11.fxe5 Qxe5 12.Qf3 Ng4 13.Qxg4 Qxe3+ 14.Kh1 O-O 15.Rae1 Qh6
16.Qf3 Ra7 17.Re5 g6 18.Re2 Rd7 19.Nc6 Nxc6 20.Qxc6 Bd6 21.h3 Bb7 22.Qxd7 Qxh3+
23.Kg1 Bc5+ 0-1

[Event "XXXIV Open Internacional de Barbera del Valles - G
[Site "Barbera del Valles (Spain)"]
[Date "2011.07.04"]
[Round "1"]
[Board "1"]
[White "AMRUTHA, Mokal"]
[Black "KASHTANOV, Ruslan"]
[Result "1/2-1/2"]
[WhiteElo "2042"]
[BlackElo "2360"]
[PlyCount "88"]
[EventDate "2011.07.04"]
[EventRounds "9"]
[EventCountry "ESP"]

1.e4 c5 2.Nf3 Qc7 3.d4 cxd4 4.Nxd4 Nc6 5.Nc3 e6 6.g3 a6 7.Bg2 d6 8.O-O Bd7 9.Re1
Be7 10.Nxc6 Bxc6 11.Qg4 h5 12.Qe2 h4 13.g4 h3 14.Bh1 g5 15.a4 Rh4 16.Bf3 Kf8
17.Ra3 Bf6 18.Rb3 Ne7 19.e5 Bxe5 20.Bxg5 Ng6 21.Bxh4 Nxh4 22.Bxc6 Qxc6 23.Ne4
Ng2 24.Rxh3 Nxe1 25.Qxe1 Qxc2 26.Nxd6 Qxb2 27.Rf3 Bxd6 28.Qxe6 Bf4 29.Qf5 Bxh2+
30.Kxh2 Qg7 31.Qc5+ Kg8 32.Rf5 Qh6+ 33.Kg3 Qc6 34.Rg5+ Kh7 35.Qe5 f6 36.Rh5+ Kg8
37.Qe7 Re8 38.Qh7+ Kf8 39.Rf5 Qd6+ 40.Kg2 Qc6+ 41.Kh2 Re1 42.Qh8+ Kf7 43.Qh7+
Kf8 44.Qh8+ Kf7 1/2-1/2